Ensiklopedia global : kesus,kyrzy
| Format: | Book |
|---|---|
| Published: |
Kuala lumpur :
SmartGenie Corporation Sdn. Bhd. ,
2001
|
| Subjects: |
MARC
| LEADER | 00000cam a2200000 7i4500 | ||
|---|---|---|---|
| 001 | 0000047708 | ||
| 005 | 20010808.0 | ||
| 020 | |a 9832275105 | ||
| 090 | 0 | 0 | |a 039.9928 |b ENS |
| 245 | 0 | 0 | |a Ensiklopedia global : |b kesus,kyrzy |
| 260 | |a Kuala lumpur : |b SmartGenie Corporation Sdn. Bhd. , |c 2001 | ||
| 300 | |a 288p. ; |c 29cm. | ||
| 650 | 0 | 0 | |a Encyclopedias and dictionaries |
| 999 | |a 00099826 |b BUKU |c RUJUKAN |e PERPUSTAKAAN KOMUNITI PETALING JAYA | ||